000 00622cam a22002293a 4500
001 4705
003 PGUSA
005 20140828083105.0
008 031201s2003||||xxu|||||s|||||000 | eng d
040 _aPGUSA
_beng
042 _adc
050 4 _aB
100 1 _aHume, David,
_d1711-1776
245 1 2 _aA Treatise of Human Nature
_h[electronic resource] /
_cDavid Hume
260 _bProject Gutenberg,
_c2003
506 _aPublic domain in the USA.
516 _aElectronic text
653 _aKnowledge, Theory of
830 0 _aProject Gutenberg
_v4705
856 4 0 _uhttp://www.gutenberg.org/ebooks/4705
942 _cEB
999 _c234034
_d234034